Ramón Llull y el secreto de la vida
Gespeichert in:
| 1. Verfasser: | |
|---|---|
| Format: | Buch |
| Sprache: | Spanisch |
| Veröffentlicht: |
Madrid
Siruela
2002
|
| Schriftenreihe: | El Árbol del Paraíso, 26
|
| Schlagworte: | |
| Tags: |
Tag hinzufügen
Keine Tags, Fügen Sie den ersten Tag hinzu!
|
MARC
| LEADER | 00000nam a2200000 a 4500 | ||
|---|---|---|---|
| 001 | UCK4596 | ||
| 003 | CL-VaPUC | ||
| 005 | 20211220103320.0 | ||
| 008 | 050610e20020000SP |||||||||||||||||spa|d | ||
| 999 | |c 313423 |d 313421 | ||
| 020 | |a 8478446001 | ||
| 040 | |c Pontificia Universidad Católica de Valparaíso | ||
| 082 | 0 | 4 | |a 189 |b VEG |2 21 |
| 100 | 0 | |a Vega, Amador |e author |9 493159 | |
| 245 | 1 | 0 | |a Ramón Llull y el secreto de la vida |
| 260 | |a Madrid |b Siruela |c 2002 | ||
| 300 | |a 311 p | ||
| 490 | 0 | |a El Árbol del Paraíso, 26 | |
| 583 | |a last modification |c 20170531 12:38:54 |k Rodrigo Vera | ||
| 600 | 0 | |a Llull, Ramón, |d 1232-1316 |9 861252 | |
| 650 | 0 | |a Filosofía medieval |9 256245 | |
| 650 | 0 | |a Filósofos españoles |9 321894 | |
| 942 | |c BK |2 ddc | ||
| 945 | |d 20050610 00:00:00 |a jcarroza | ||
| 952 | |0 0 |1 0 |4 0 |6 189_000000000000000_VEG_2002 |7 0 |8 A |9 384757 |a BIBART |b BIBART |d 2019-11-22 |i 4136241 |l 1 |o 189 VEG 2002 |p 4136241 |r 2025-03-13 |s 2023-09-06 |w 2019-11-22 |y BK |k ART | ||